| 000 | 00881aam a2200337 4500 | ||
|---|---|---|---|
| 005 | 20251121175928.0 | ||
| 008 | 150506b2006 xxu||||| |||| 00| 0 spa d | ||
| 020 | _a9701059182 | ||
| 041 | _aESP | ||
| 082 | _a519.5 K19e4 | ||
| 100 | _aKazmier, Leonard J. | ||
| 245 | _aEstadística aplicada a administración y economía | ||
| 250 | _a4 edición | ||
| 260 | _aMéxico | ||
| 260 | _bMcGraw-Hill | ||
| 260 | _c2006 | ||
| 300 | _a406 páginas | ||
| 440 | _aSerie Schaum | ||
| 490 | _aDirección y Administración de Empresas | ||
| 490 | _aGestión de Calidad | ||
| 650 | _aESTADÍSTICA | ||
| 650 | _aADMINISTRACIÓN | ||
| 650 | _aECONOMÍA | ||
| 650 | _aDATOS ECONÓMICOS Y ADMINISTRATIVOS | ||
| 650 | _aMEDIDAS DE VARIABILIDAD | ||
| 650 | _aPROBABILIDAD | ||
| 650 | _aDISTRIBUCIONES DE MUESTREO | ||
| 942 |
_cBK _2ddc |
||
| 999 |
_c5159 _d5159 |
||